000
00204 a2200097 4500
001
7959
100
_a
Hornby, A S
245
_a
English reader's dictionary
260
_a
_b
Oxford
_c
090
_c
6377
_d
6377
942
_a
NUST-CAE
_c
M
_c
32908
999
_c
243032
_d
243032